Quick Pick: Hugh Jackman Movie Posters Quiz Stats

 Plays Quiz not verified by Sporcle

Support Sporcle.
Go Orange.
Score 0/10 Timer 00:45
1 Play Today
% Correct
X-Men Origins: Wolverine
95.4%
The Greatest Showman
94.5%
Real Steel
87.4%
Les Misérables
86.5%
Australia
82%
Kate & Leopold
79.3%
The Prestige
75.2%
Logan
71.9%
Bad Education
69.9%
Scoop
61.2%

You're not logged in!

Compare scores with friends on all Sporcle quizzes.
OR
Log In

From the Vault

Sunday Crossword: Christmas Groups

by Purple_Parrot

We know you love crosswords, so here's an early Christmas present.
Remove Ads.
Support Sporcle.
Get the best of Sporcle when you Go Orange. This ad-free experience offers more features, more stats, and more fun while also helping to support Sporcle. Thank you for becoming a member.

Show Comments

Extras

Top Quizzes Today


Score Distribution

Your Account Isn't Verified!

In order to create a playlist on Sporcle, you need to verify the email address you used during registration. Go to your Sporcle Settings to finish the process.

Report this User

Report this user for behavior that violates our Community Guidelines.

Details: